Alaska Cities - Statistics

General Stats
  • This quiz has been taken 12 times
  • The average score is 7 of 15
Answer Stats
Pop. City % Correct
251,243 Anchorage
100%
64,513 Fairbanks
100%
24,537 Juneau
90%
3,835 Barrow
80%
3,222 Nome
70%
4,434 Bethel
40%
4,921 Kenai
30%
9,335 Kodiak
30%
3,200 Kotzebue
30%
44,236 Lakes
30%
10,352 Ketchikan
20%
7,027 Sitka
20%
6,526 Soldotna
10%
28,568 Anchorage Northeast
0%
2,944 Eielson AFB
0%
No matching quizzes found
Score Distribution
Percent of People with Each Score
Percentile by Number Answered
Your Score History
You have not taken this quiz